Agreement (Record no. 118743)

MARC details
000 -LEADER
fixed length control field 00600cas a22002055a 4500
001 - CONTROL NUMBER
control field ##L113425
008 - FIXED-LENGTH DATA ELEMENTS--GENERAL INFORMATION
fixed length control field 070703c1994 xxkbr p 0 a0eng u
035 ## - SYSTEM CONTROL NUMBER
System control number (Sirsi) u113425
041 0# - LANGUAGE CODE
Language code of text/sound track or separate title eng
110 2# - MAIN ENTRY--CORPORATE NAME
Corporate name or jurisdiction name as entry element Association of Residential Letting Agents
9 (RLIN) 3020
245 00 - TITLE STATEMENT
Title Agreement
260 ## - PUBLICATION, DISTRIBUTION, ETC.
Place of publication, distribution, etc. Amersham
Name of publisher, distributor, etc. ARLA
Date of publication, distribution, etc. 1994-
362 0# - DATES OF PUBLICATION AND/OR SEQUENTIAL DESIGNATION
Dates of publication and/or sequential designation June 2001-
520 ## - SUMMARY, ETC.
Summary, etc. Kept for five years
554 ## -
-- Six per year
651 #4 - SUBJECT ADDED ENTRY--GEOGRAPHIC NAME
Geographic name United Kingdom
Chronological subdivision
690 ## - LOCAL SUBJECT ADDED ENTRY--TOPICAL TERM (OCLC, RLIN)
Topical term or geographic name as entry element Residential property
9 (RLIN) 6266
856 41 - ELECTRONIC LOCATION AND ACCESS
Uniform Resource Identifier <a href="https://www.arla.co.uk/agree/index.htm">https://www.arla.co.uk/agree/index.htm</a>
Public note View further information at www.arla.co.uk...
942 ## - ADDED ENTRY ELEMENTS (KOHA)
Suppress in OPAC 0
Holdings
Withdrawn status Lost status Source of classification or shelving scheme Damaged status Not for loan Home library Current library Shelving location Date acquired Total Checkouts Full call number Barcode Date last seen Price effective from Koha item type
    Dewey Decimal Classification     London London Gallery 04/07/2001   AGREEMENT 113425-1001 06/08/2019 06/08/2019 Journal